Les nouveaux défis de l’expertise documentaire dans l’enseignement supérieur : négocier les droits, fiabiliser les données (notice n° 1667859)

détails MARC
000 -LEADER
fixed length control field 01521cam a2200205 4500500
005 - DATE AND TIME OF LATEST TRANSACTION
control field 20260222003931.0
041 ## - LANGUAGE CODE
Language code of text/sound track or separate title fre
042 ## - AUTHENTICATION CODE
Authentication code dc
100 10 - MAIN ENTRY--PERSONAL NAME
Personal name Perrin, Sébastien
Relator term author
245 00 - TITLE STATEMENT
Title Les nouveaux défis de l’expertise documentaire dans l’enseignement supérieur : négocier les droits, fiabiliser les données
260 ## - PUBLICATION, DISTRIBUTION, ETC.
Date of publication, distribution, etc. 2026.<br/>
500 ## - GENERAL NOTE
General note 86
520 ## - SUMMARY, ETC.
Summary, etc. Les bibliothèques d’Enseignement supérieur et de recherche (ESR) cherchent à se positionner par rapport à l’IA générative. Or, elle a déjà modifié leur écosystème documentaire, comme le montre l’expérience du consortium Couperin : ce dernier, en lien avec les consortia internationaux de bibliothèques, mène en effet des négociations de clause IA pour les établissements membres. Au-delà de cet encadrement des usages, il importe de corriger les défauts de ces technologies et de fiabiliser les données qu’elles produisent. Le concept d’IA de confiance le permet. In fine, cette réflexion confirme le déploiement des IA éditoriales et invite à renouveler le positionnement de l’expertise des services documentaires dans l’ESR.
690 ## - LOCAL SUBJECT ADDED ENTRY--TOPICAL TERM (OCLC, RLIN)
Topical term or geographic name as entry element Consortium
690 ## - LOCAL SUBJECT ADDED ENTRY--TOPICAL TERM (OCLC, RLIN)
Topical term or geographic name as entry element Enseignement supérieur
690 ## - LOCAL SUBJECT ADDED ENTRY--TOPICAL TERM (OCLC, RLIN)
Topical term or geographic name as entry element Evaluation de l’IA
690 ## - LOCAL SUBJECT ADDED ENTRY--TOPICAL TERM (OCLC, RLIN)
Topical term or geographic name as entry element Négociation documentaire
786 0# - DATA SOURCE ENTRY
Note I2D - Information, données & documents | 2 | 2 | 2026-01-21 | p. 54-61 | 2428-2111
856 41 - ELECTRONIC LOCATION AND ACCESS
Uniform Resource Identifier <a href="https://shs.cairn.info/revue-i2d-information-donnees-documents-2025-2-page-54?lang=fr&redirect-ssocas=7080">https://shs.cairn.info/revue-i2d-information-donnees-documents-2025-2-page-54?lang=fr&redirect-ssocas=7080</a>

Pas d'exemplaire disponible.

PLUDOC

PLUDOC est la plateforme unique et centralisée de gestion des bibliothèques physiques et numériques de Guinée administré par le CEDUST. Elle est la plus grande base de données de ressources documentaires pour les Étudiants, Enseignants chercheurs et Chercheurs de Guinée.

Adresse

627 919 101/664 919 101

25 boulevard du commerce
Kaloum, Conakry, Guinée

Réseaux sociaux

Powered by Netsen Group @ 2025